00542 a2200193 4500001000700000003000400007005001700011008004100028020001800069082001800087100001600105245008200121250001700203260004300220300001000263653001700273653003100290653002700321150753OSt20211214110522.0  a9788122414943 a579.078bA31E1 aAneja, K.R.1 aExperiments in microbiology, plant pathology and biotechnologycby K.R. Aneja a4th rev. ed. aNew DelhibNew Age Internationalc2014 a607p. aMicrobiology aMicrobiology - Experiments aMycology - Experiments